00680 a2200157 4500003000500000005001700005040000900022082001500031100002100046245003900067260003100106300001100137505032200148538003600470650001600506Nust20170207154203.0 cNust a629.130942 aSims, Charles A. aCamera in the skycCharles A. Sims aLondonbTemple Pressc1958 a217 p. aWith The RAF In The Middle East (Page-1), Photography In Peace And War (Page-21), Test Flights And Test Pilots (Page-41), Formatting Flying (Page-66), Air Exercises (Page-83), Naval Occasions (Page-99), Display Flying And Air Reviews (Page-135), Air Racing And Competitions (Page-159), Airline Excursions (Page-183). aAlmirah No. 134 and Shelf No. 1 aPhotography